|
|
|
|
| LEADER |
01524cam a2200325 i 4500 |
| 001 |
17140732 |
| 003 |
GR-PaULI |
| 005 |
20211027135122.0 |
| 008 |
211019s2011 enkab g b 001 0 eng d |
| 952 |
|
|
|0 0
|1 0
|2 ddc
|4 0
|6 938_000000000000000_CAR
|7 0
|9 329577
|a THST
|b THST
|d 2021-10-19
|i 016872
|l 0
|o 938 CAR
|p 025000275192
|r 2021-10-20 00:00:00
|t 1
|w 2021-10-20
|y BK15
|
| 999 |
|
|
|c 184457
|d 184457
|
| 010 |
|
|
|a 2011276713
|
| 020 |
|
|
|a 9789602044216
|
| 040 |
|
|
|a GR-PaULI
|b gre
|c GR-PaULI
|e AACR2
|
| 041 |
1 |
|
|a gre
|h eng
|
| 082 |
0 |
4 |
|a 938
|2 22
|
| 100 |
1 |
|
|a Cartledge, Paul.
|e συγγραφέας
|
| 245 |
1 |
0 |
|a Ancient Greece :
|b a very short introduction /
|c Paul Cartledge.
|
| 260 |
|
|
|a Oxford ;
|a New York :
|b Oxford University Press,
|c c2011.
|
| 300 |
|
|
|a xx, 184 σ. :
|b εικ., χαρτ. ;
|c 18 εκ.
|
| 490 |
0 |
|
|a Very short introductions ;
|v 286
|
| 500 |
|
|
|a Τίτλος πρωτοτύπου : Ancient Greece. A very short introduction.
|
| 504 |
|
|
|a Περιλαμβάνει βιβλιογραφία και ευρετήριο.
|
| 505 |
0 |
|
|a Cnossos -- Mycenae -- Argos -- Miletus -- Massalia -- Sparta -- Athens -- Syracuse -- Thebes -- Alexandria -- Byzantion -- Appendix. The Panhellenic sanctuaries.
|
| 650 |
|
4 |
|9 12201
|a Εθνικά χαρακτηριστικά, Ελληνικά
|
| 651 |
|
4 |
|a Ελλάδα
|x Πολιτισμός
|y Μέχρι το 146 π.Χ.
|9 699
|
| 651 |
|
4 |
|a
|9 10898
|
| 765 |
0 |
|
|i Μετάφραση του :
|t Ancient Greece. A very short introduction.
|
| 942 |
|
|
|2 ddc
|c BK15
|
| 998 |
|
|
|c ΜΑΝΙΑ
|d 2021-10
|